书目信息 |
| 题名: |
教育与权利
|
|
| 作者: | 阿普尔 著 ;曲囡囡 , 刘明堂 译 | |
| 分册: | ||
| 出版信息: | 上海 华东师范大学出版社 2008.09 |
|
| 页数: | 215页 | |
| 开本: | 23cm | |
| 丛书名: | 影响力教育理论译丛 | |
| 单 册: | ||
| 中图分类: | G40-052 , G4 | |
| 科图分类: | ||
| 主题词: | 学前教育--xue qian jiao yu--教育社会学 | |
| 电子资源: | ||
| ISBN: | 978-7-5617-6115-1 | |
| 000 | 01242nam 2200337 450 | |
| 001 | 012009068870 | |
| 005 | 20090622103858.20 | |
| 010 | @a978-7-5617-6115-1@dCNY29.80 | |
| 100 | @a20090622d2008 km y0chi0120 ea | |
| 101 | 1 | @achi@ceng |
| 102 | @aCN@b310000 | |
| 105 | @ay a 001yy | |
| 106 | @ar | |
| 200 | 1 | @a教育与权利@Ajiao yu yu quan li@d= Education and power@f(美) 迈克尔·W·阿普尔著@F(mei)mai ke er·W·a pu er zhu@g曲囡囡,刘明堂译@Gqu nan nan,liu ming tang yi@zeng |
| 210 | @a上海@c华东师范大学出版社@d2008.09 | |
| 215 | @a215页@d23cm | |
| 225 | 2 | @a影响力教育理论译丛@Aying xiang li jiao yu li lun yi cong |
| 300 | @a阿普尔集 | |
| 305 | @a据原书第2版译出 | |
| 320 | @a有书目 (第191-204页) 和索引 | |
| 330 | @a本书主要内容包括:再生产、论争与课程,技术知识、越轨和国家:文化的商品化,隐性课程的另一面:生活性文化等。 | |
| 410 | 0 | @12001 @a影响力教育理论译丛 |
| 500 | 10 | @aEducation and power@mChinese |
| 606 | 0 | @a学前教育@Axue qian jiao yu@x教育社会学 |
| 690 | @aG40-052 @v4 | |
| 690 | @aG4@v4 | |
| 701 | 1 | @a阿普尔@Aa pu er@g(Apple, Michael W.)@4著 |
| 702 | 0 | @a曲囡囡@Aqu nan nan@4译 |
| 702 | 0 | @a刘明堂@Aliu ming tang@4译 |
| 801 | 0 | @aCN@bQSSK@c20090622 |
| 905 | @b744077-79@dG40-052 @eA140@f3 | |
| 教育与权利= Education and power/(美) 迈克尔·W·阿普尔著/曲囡囡,刘明堂译.-上海:华东师范大学出版社,2008.09 |
| 215页;23cm.-(影响力教育理论译丛) |
| 阿普尔集 |
| ISBN 978-7-5617-6115-1:CNY29.80 |
| 本书主要内容包括:再生产、论争与课程,技术知识、越轨和国家:文化的商品化,隐性课程的另一面:生活性文化等。 |
| ● |
| 相关链接 |
|
|
|
正题名:教育与权利
索取号:G40-052/A140
 
预约/预借
| 序号 | 登录号 | 条形码 | 馆藏地/架位号 | 状态 | 备注 |
| 1 | 744077 | 207440777 | 社科库409/409社科库 1排3列5层/ [索取号:G40-052/A140] | 在馆 | |
| 2 | 744078 | 207440786 | 社科库409/409社科库 1排3列5层/ [索取号:G40-052/A140] | 在馆 | |
| 3 | 744079 | 207440795 | 社科库409/409社科库 1排3列5层/ [索取号:G40-052/A140] | 在馆 |